Дело о назначении единовременного пособия ближайшим родственникам статского советника Брызгалова

Доступно только в Электронных читальных залах Найти на картеНа карте
RUSMARC
00003680nmc2a22002413x 450
00183480af9-5ed0-4e7a-87e4-c35675b36d5f
00520211221083836.0
100##$a20210819l18881889k l0rusy0189 ca
1010#$arus
102##$aRU
105##$ay###
1222#$ad
2001#$aДело о назначении единовременного пособия ближайшим родственникам статского советника Брызгалова
$j6 апреля 1888 г. - 26 июля 1889 г.
215##$a18 л.
$d36,5х26 см
251##$cДело
300##$aДело
371##$aДокумент не является опубликованным и широко распространяемым
461#0$1001a74412a3-3cc5-4d21-8f0a-dfe2fbd9e72d
$12001
$aДепартамент народного просвещения Министерства народного просвещения
$1251
$cФонд
$1852
$j733
462#0$1001b33464f2-4bc4-41e3-b4bc-525e855f0eb0
$12001
$aДела разряда общих дел Министерства народного просвещения
$1251
$cОпись
$1852
$j194
801#0$aRU
$bРГИА
$c20210819
$gRCR
801#1$aRU
$bГлавНИВЦ
$c20210819
$2rusmarc
801#2$aRU
$bПБ им. Б.Н. Ельцина
$c20211221
$gRCR
$2rusmarc
850##$aРГИА
852##$aРГИА
$eФедеральное казенное учреждение "Российский государственный исторический архив" (РГИА)
$j881
937##$hРГИА
$d12366926
$aASBIBLIO_SCAN
035##$aRusGRCC00034248
856##$uhttp://readingroom.main.prlib.ru/item.aspx?id_node=n171891658&mode=full
Формат отображения